[Event "RA-2016-0-00444"]
[Site "LSS email"]
[Date "2016.05.27"]
[Round "?"]
[White "Kudr, Roman"]
[Black "Wilk, Zbigniew"]
[Result "1/2-1/2"]
[WhiteElo "2098"]
[BlackElo "2065"]
[PlyCount "79"]
[EventDate "2016.04.24"]
[EventType "tourn (corr)"]
[EventRounds "6"]
[EventCountry "GER"]
[SourceTitle "Corr 2022"]
[Source "ChessBase"]
[SourceDate "2021.10.24"]
[SourceVersion "1"]
[SourceVersionDate "2021.10.24"]
[SourceQuality "1"]

1. Nf3 Nf6 2. c4 e6 3. Nc3 d5 4. d4 Be7 5. Bg5 0-0 6. e3 h6 7. Bh4 b6 8. Be2 Bb7 9. Rc1 dxc4 10. Bxc4 Nbd7 11. 0-0 c5 12. Qe2 a6 13. a4 cxd4 14. Nxd4 Bd6 15. Rfd1 Qb8 16. Kh1 Re8 17. f4 g5 18. fxg5 hxg5 19. Bxg5 Bxh2 20. Nf5 exf5 21. Rxd7 Nxd7 22. Qh5 Bxg2+ 23. Kxg2 Qg3+ 24. Kh1 Ne5 25. Be2 Ng4 26. Bxg4 Qxg4 27. Qxg4 fxg4 28. Kxh2 f6 29. Bf4 Kf7 30. Rf1 Rac8 31. Kg3 f5 32. e4 fxe4 33. Nd5 Rc2 34. Kxg4 Kg6 35. b4 Rg2+ 36. Bg3 Rd2 37. Rf6+ Kg7 38. Rf5 Rg2 39. Kf4 Rd2 40. Ne3 1/2-1/2

[Event "ZH-2016-0-01465"]
[Site "LSS email"]
[Date "2016.05.05"]
[Round "?"]
[White "Schenning, Albert"]
[Black "Wilk, Zbigniew"]
[Result "1-0"]
[WhiteElo "2155"]
[BlackElo "2065"]
[PlyCount "79"]
[EventDate "2016.04.27"]
[EventType "match (corr)"]
[EventRounds "2"]
[EventCountry "GER"]
[SourceTitle "Corr 2022"]
[Source "ChessBase"]
[SourceDate "2021.10.24"]
[SourceVersion "1"]
[SourceVersionDate "2021.10.24"]
[SourceQuality "1"]

1. e4 e5 2. Nf3 Nc6 3. Bc4 Nf6 4. Ng5 Bc5 5. Bxf7+ Ke7 6. Bd5 d6 7. c3 Qe8 8. d4 exd4 9. Bxc6 Qxc6 10. cxd4 Bxd4 11. 0-0 Bb6 12. Nc3 h6 13. Nd5+ Kf8 14. Nf3 Bg4 15. h3 Bh5 16. Be3 Nxd5 17. exd5 Qd7 18. Bxb6 axb6 19. Rc1 Re8 20. Rc3 c5 21. dxc6 bxc6 22. Qb3 b5 23. a4 bxa4 24. Qxa4 Bxf3 25. Rxf3+ Kg8 26. Rc1 Kh7 27. Qc2+ Kg8 28. b4 h5 29. Qxc6 Qxc6 30. Rxc6 Rh6 31. Rf5 Re4 32. b5 h4 33. Rg5 Re1+ 34. Kh2 Rf6 35. b6 Rb1 36. f3 Rb2 37. Rc7 Rf7 38. Ra5 Rxb6 39. Ra8+ Rf8 40. Raa7 1-0

[Event "ZH-2016-0-01465"]
[Site "LSS email"]
[Date "2016.05.05"]
[Round "?"]
[White "Wilk, Zbigniew"]
[Black "Schenning, Albert"]
[Result "1/2-1/2"]
[WhiteElo "2065"]
[BlackElo "2155"]
[PlyCount "80"]
[EventDate "2016.04.27"]
[EventType "match (corr)"]
[EventRounds "2"]
[EventCountry "GER"]
[SourceTitle "Corr 2022"]
[Source "ChessBase"]
[SourceDate "2021.10.24"]
[SourceVersion "1"]
[SourceVersionDate "2021.10.24"]
[SourceQuality "1"]

1. e4 e5 2. Nf3 Nc6 3. Bc4 Nf6 4. d3 Bc5 5. 0-0 d6 6. c3 0-0 7. a4 a6 8. b4 Ba7 9. Bg5 h6 10. Bh4 g5 11. Bg3 g4 12. Bh4 Kg7 13. Ne1 Ne7 14. Bxf6+ Kxf6 15. Nc2 Kg7 16. d4 h5 17. Nd2 Ng6 18. Nb3 f5 19. exf5 Bxf5 20. Ne3 Bd7 21. Bd3 Qg5 22. Bxg6 Kxg6 23. Qd3+ Kg7 24. dxe5 Qxe5 25. Nd4 Rae8 26. b5 axb5 27. axb5 Bc5 28. g3 Qg5 29. Rae1 Re5 30. Nc4 Rxe1 31. Rxe1 Qg6 32. Qd2 Qf6 33. Ne3 Re8 34. Ng2 Rxe1+ 35. Qxe1 Qe5 36. Qc1 Bxd4 37. cxd4 Qxb5 38. Nf4 c6 39. h4 Kf7 40. d5 Bf5 1/2-1/2

[Event "CP-2015-Q-00007"]
[Site "LSS email"]
[Date "2015.12.02"]
[Round "?"]
[White "Tortosa, Horacio"]
[Black "Wilk, Zbigniew"]
[Result "1/2-1/2"]
[WhiteElo "1869"]
[BlackElo "2064"]
[PlyCount "56"]
[EventDate "2015.12.08"]
[EventType "tourn (corr)"]
[EventRounds "6"]
[EventCountry "GER"]
[SourceTitle "Corr 2022"]
[Source "ChessBase"]
[SourceDate "2021.10.24"]
[SourceVersion "1"]
[SourceVersionDate "2021.10.24"]
[SourceQuality "1"]

1. c4 Nf6 2. d4 e6 3. Nc3 Bb4 4. f3 d5 5. a3 Bxc3+ 6. bxc3 c5 7. cxd5 exd5 8. e3 0-0 9. Bd3 b6 10. Ne2 Ba6 11. 0-0 Bxd3 12. Qxd3 Nbd7 13. Ng3 Re8 14. Bd2 g6 15. a4 Kg7 16. Rfb1 Rc8 17. a5 Qc7 18. axb6 axb6 19. Ne2 h6 20. Nf4 c4 21. Qc2 Qc6 22. Re1 Ra8 23. Nh3 Rxa1 24. Rxa1 Ra8 25. Rxa8 Qxa8 26. Nf2 Qa1+ 27. Qc1 Qxc1+ 28. Bxc1 Ne8 1/2-1/2

[Event "CP-2015-Q-00007"]
[Site "LSS email"]
[Date "2015.12.02"]
[Round "?"]
[White "Wilk, Zbigniew"]
[Black "Rombaldoni, Denis"]
[Result "1/2-1/2"]
[WhiteElo "2064"]
[BlackElo "2217"]
[PlyCount "47"]
[EventDate "2015.12.08"]
[EventType "tourn (corr)"]
[EventRounds "6"]
[EventCountry "GER"]
[SourceTitle "Corr 2022"]
[Source "ChessBase"]
[SourceDate "2021.10.24"]
[SourceVersion "1"]
[SourceVersionDate "2021.10.24"]
[SourceQuality "1"]

1. e4 e5 2. Nf3 Nc6 3. Bb5 a6 4. Ba4 Nf6 5. 0-0 Be7 6. Re1 b5 7. Bb3 d6 8. c3 0-0 9. h3 Nb8 10. d4 Nbd7 11. Nbd2 Bb7 12. Bc2 Re8 13. Nf1 Bf8 14. Ng3 g6 15. Bg5 h6 16. Bd2 Bg7 17. a4 c5 18. d5 c4 19. Be3 Qc7 20. Qc1 Kh7 21. Rd1 Nc5 22. Qd2 Reb8 23. Qe2 Nfd7 24. Nh2 1/2-1/2

[Event "CP-2015-P-00005"]
[Site "LSS email"]
[Date "2015.09.28"]
[Round "?"]
[White "Sarakenidis, Nikolaos"]
[Black "Wilk, Zbigniew"]
[Result "1/2-1/2"]
[WhiteElo "2378"]
[BlackElo "2064"]
[PlyCount "72"]
[EventDate "2015.10.01"]
[EventType "tourn (corr)"]
[EventRounds "6"]
[EventCountry "GER"]
[SourceTitle "Corr 2022"]
[Source "ChessBase"]
[SourceDate "2021.10.24"]
[SourceVersion "1"]
[SourceVersionDate "2021.10.24"]
[SourceQuality "1"]

1. d4 Nf6 2. c4 e6 3. Nf3 d5 4. g3 Be7 5. Bg2 0-0 6. 0-0 dxc4 7. Qc2 a6 8. a4 Bd7 9. Qxc4 Bc6 10. Bf4 a5 11. Nc3 Na6 12. Rae1 Bd5 13. Qb5 Bc6 14. Qc4 Bd5 15. Nxd5 exd5 16. Qb5 Qc8 17. Qb3 Nb4 18. Nd2 c6 19. e4 dxe4 20. Nxe4 Nfd5 21. Bd2 Rd8 22. Re2 Qg4 23. Rfe1 Bf8 24. Bf3 Qg6 25. Rd1 Qf5 26. Kg2 Qg6 27. Ng5 h6 28. Nh3 Bd6 29. Bxb4 Nxb4 30. d5 c5 31. Be4 Qg4 32. Qc4 Qd7 33. b3 Re8 34. Rde1 b6 35. f4 Rad8 36. Nf2 Bc7 1/2-1/2

[Event "CP-2015-P-00005"]
[Site "LSS email"]
[Date "2015.09.28"]
[Round "?"]
[White "Wilk, Zbigniew"]
[Black "Wisham, Clyde"]
[Result "1/2-1/2"]
[WhiteElo "2064"]
[BlackElo "2048"]
[PlyCount "64"]
[EventDate "2015.10.01"]
[EventType "tourn (corr)"]
[EventRounds "6"]
[EventCountry "GER"]
[SourceTitle "Corr 2022"]
[Source "ChessBase"]
[SourceDate "2021.10.24"]
[SourceVersion "1"]
[SourceVersionDate "2021.10.24"]
[SourceQuality "1"]

1. e4 e6 2. d4 d5 3. Nd2 dxe4 4. Nxe4 Bd7 5. Nf3 Bc6 6. Bd3 Nd7 7. 0-0 Ngf6 8. Bg5 Be7 9. Nxf6+ Bxf6 10. Be3 Bxf3 11. Qxf3 c6 12. c3 0-0 13. g3 Be7 14. Rfe1 Nf6 15. c4 Qa5 16. a3 Rfd8 17. g4 Rd7 18. b4 Qd8 19. Red1 a5 20. Rab1 axb4 21. axb4 Ra3 22. h4 Ne8 23. h5 h6 24. b5 c5 25. Bc1 Ra2 26. dxc5 Bxc5 27. Rb2 Ra7 28. Kg2 b6 29. Rbd2 Bb4 30. Rb2 Bc5 31. Rbd2 Bb4 32. Rb2 Bc5 1/2-1/2

[Event "CP-2015-P-00005"]
[Site "LSS email"]
[Date "2015.09.28"]
[Round "?"]
[White "Xyko, Kenny"]
[Black "Wilk, Zbigniew"]
[Result "1/2-1/2"]
[WhiteElo "1595"]
[BlackElo "2064"]
[PlyCount "157"]
[EventDate "2015.10.01"]
[EventType "tourn (corr)"]
[EventRounds "6"]
[EventCountry "GER"]
[SourceTitle "Corr 2022"]
[Source "ChessBase"]
[SourceDate "2021.10.24"]
[SourceVersion "1"]
[SourceVersionDate "2021.10.24"]
[SourceQuality "1"]

1. e4 e5 2. Nf3 Nc6 3. Bb5 a6 4. Ba4 Nf6 5. 0-0 Be7 6. Re1 b5 7. Bb3 0-0 8. h3 Bb7 9. d3 d6 10. a3 Na5 11. Ba2 c5 12. Nc3 Nc6 13. Nd5 Nxd5 14. Bxd5 Qc7 15. c3 Nb8 16. Bxb7 Qxb7 17. d4 Nd7 18. Be3 exd4 19. cxd4 c4 20. Bf4 Rfe8 21. Qd2 d5 22. exd5 Qxd5 23. Re3 Bf8 24. Rae1 Rxe3 25. Rxe3 Qc6 26. Re1 Nf6 27. Qd1 Re8 28. Rxe8 Qxe8 29. Ne5 Qe6 30. Qf3 Qd5 31. Qe3 Qe4 32. Qxe4 Nxe4 33. Nd7 c3 34. Bc1 Bd6 35. bxc3 Nxc3 36. Kf1 f6 37. Bd2 Nd5 38. Nc5 Bxc5 39. dxc5 Kf7 40. Ke2 Ke6 41. Kd3 Ne7 42. Ke4 g6 43. g4 Nc6 44. Bc3 a5 45. Kf4 b4 46. axb4 axb4 47. Bb2 f5 48. gxf5+ gxf5 49. h4 b3 50. Ke3 Ne5 51. Kd2 Nf3+ 52. Kc3 Kd5 53. Kxb3 Kxc5 54. h5 Kd5 55. Kc2 Ke4 56. Kd1 Ng1 57. Ke1 Kf3 58. Kf1 Nh3 59. Bd4 Nf4 60. h6 Nd5 61. Ba1 Nb4 62. Bc3 Nd3 63. Bd4 Nf4 64. Be5 Nh3 65. Bd4 Ng5 66. Bf6 Nf7 67. Bg7 f4 68. Bf8 Ne5 69. Be7 Ng4 70. Bg5 Ke4 71. Kg2 Kf5 72. Be7 Nxh6 73. Kh3 Ke4 74. Bf8 Nf7 75. Kg4 Ne5+ 76. Kg5 Nd3 77. f3+ Kxf3 78. Bd6 Ke4 79. Bxf4 1/2-1/2

[Event "RA-2015-0-00404"]
[Site "LSS email"]
[Date "2015.07.24"]
[Round "?"]
[White "Lubas, Jozef"]
[Black "Wilk, Zbigniew"]
[Result "1-0"]
[WhiteElo "2126"]
[BlackElo "2068"]
[PlyCount "99"]
[EventDate "2015.07.13"]
[EventType "tourn (corr)"]
[EventRounds "6"]
[EventCountry "GER"]
[SourceTitle "Corr 2022"]
[Source "ChessBase"]
[SourceDate "2021.10.24"]
[SourceVersion "1"]
[SourceVersionDate "2021.10.24"]
[SourceQuality "1"]

1. g3 g6 2. Bg2 Bg7 3. Nf3 Nf6 4. 0-0 0-0 5. d4 d5 6. c4 c6 7. Nbd2 Bf5 8. b3 Ne4 9. Bb2 Qa5 10. Qc1 Nd7 11. Rd1 Nxd2 12. Nxd2 Nf6 13. Bc3 Qd8 14. Qb2 Qd7 15. Re1 Rfd8 16. Rad1 Bh3 17. Bh1 Rac8 18. e3 Rb8 19. Bg2 Bxg2 20. Kxg2 h5 21. h4 b6 22. Qc2 Qc7 23. Bb4 Rbc8 24. c5 Ng4 25. Nf3 e5 26. Nxe5 Nxe5 27. dxe5 Qxe5 28. Rc1 b5 29. e4 dxe4 30. Qxe4 Qxe4+ 31. Rxe4 Kf8 32. Rce1 Bh6 33. Re7 Re8 34. Rxa7 Rxe1 35. Bxe1 Re8 36. Bc3 Bg7 37. Bxg7+ Kxg7 38. Rc7 Re6 39. Kf3 Kf6 40. Kf4 b4 41. f3 Kg7 42. Rb7 Rf6+ 43. Ke3 Rf5 44. Rxb4 Rxc5 45. a4 Re5+ 46. Kd4 Rf5 47. Rb6 g5 48. Rxc6 gxh4 49. Ke4 Rg5 50. gxh4 1-0

[Event "RA-2015-0-00376"]
[Site "LSS email"]
[Date "2015.02.04"]
[Round "?"]
[White "Maidana Guerra, Victor Ramon"]
[Black "Wilk, Zbigniew"]
[Result "0-1"]
[WhiteElo "2057"]
[BlackElo "2033"]
[PlyCount "48"]
[EventDate "2015.01.10"]
[EventType "tourn (corr)"]
[EventRounds "6"]
[EventCountry "GER"]
[SourceTitle "Corr 2022"]
[Source "ChessBase"]
[SourceDate "2021.10.24"]
[SourceVersion "1"]
[SourceVersionDate "2021.10.24"]
[SourceQuality "1"]

1. d4 Nf6 2. Nf3 d5 3. c4 e6 4. Bg5 Be7 5. Nc3 0-0 6. Rc1 h6 7. Bxf6 Bxf6 8. e4 dxe4 9. Nxe4 Nc6 10. Nxf6+ Qxf6 11. Be2 Rd8 12. 0-0 Nxd4 13. Nxd4 e5 14. Bf3 Rxd4 15. Qb3 e4 16. Bd1 Rd3 17. Qa4 Bd7 18. Qb4 Bh3 19. Bc2 Qg5 20. g3 Qg4 21. Bxd3 Qf3 22. Bxe4 Qxe4 23. f3 Qe3+ 24. Kh1 Qe2 0-1

[Event "RA-2015-0-00376"]
[Site "LSS email"]
[Date "2015.02.04"]
[Round "?"]
[White "Wilk, Zbigniew"]
[Black "Willmann, Bernd"]
[Result "1/2-1/2"]
[WhiteElo "2033"]
[BlackElo "2242"]
[PlyCount "45"]
[EventDate "2015.01.10"]
[EventType "tourn (corr)"]
[EventRounds "6"]
[EventCountry "GER"]
[SourceTitle "Corr 2022"]
[Source "ChessBase"]
[SourceDate "2021.10.24"]
[SourceVersion "1"]
[SourceVersionDate "2021.10.24"]
[SourceQuality "1"]

1. e4 e5 2. Nf3 Nc6 3. Bb5 Nf6 4. 0-0 Nxe4 5. d4 Be7 6. Qe2 Nd6 7. Bxc6 bxc6 8. dxe5 Nf5 9. Qe4 g6 10. b3 0-0 11. Bb2 Bb7 12. Nbd2 d5 13. exd6 cxd6 14. g4 Ng7 15. Rfe1 Re8 16. Qf4 Ne6 17. Qb4 Qd7 18. Qc3 f6 19. h3 c5 20. g5 Nd4 21. Nxd4 cxd4 22. Qd3 Rac8 23. Ne4 1/2-1/2

[Event "RA-2014-0-00364"]
[Site "LSS email"]
[Date "2014.12.02"]
[Round "?"]
[White "Husemann, Andreas"]
[Black "Wilk, Zbigniew"]
[Result "1/2-1/2"]
[WhiteElo "2203"]
[BlackElo "2013"]
[PlyCount "42"]
[EventDate "2014.11.06"]
[EventType "tourn (corr)"]
[EventRounds "6"]
[EventCountry "GER"]
[SourceTitle "Corr 2022"]
[Source "ChessBase"]
[SourceDate "2021.10.24"]
[SourceVersion "1"]
[SourceVersionDate "2021.10.24"]
[SourceQuality "1"]

1. d4 Nf6 2. c4 e6 3. Nc3 Bb4 4. Qc2 0-0 5. a3 Bxc3+ 6. Qxc3 b6 7. Bg5 Bb7 8. f3 h6 9. Bh4 d5 10. e3 Nbd7 11. cxd5 Bxd5 12. Ba6 c5 13. Ne2 cxd4 14. exd4 Ne4 15. Bxd8 Nxc3 16. Nxc3 Rfxd8 17. Nxd5 exd5 18. Kd2 Nf8 19. Rhd1 Ne6 20. Ke3 Re8 21. Kf2 g6 1/2-1/2

[Event "CP-2014-P-00050"]
[Site "LSS email"]
[Date "2014.09.30"]
[Round "?"]
[White "Pott, Brian"]
[Black "Wilk, Zbigniew"]
[Result "1/2-1/2"]
[WhiteElo "1781"]
[BlackElo "2097"]
[PlyCount "115"]
[EventDate "2014.10.01"]
[EventType "tourn (corr)"]
[EventRounds "6"]
[EventCountry "GER"]
[SourceTitle "Corr 2015"]
[Source "ChessBase"]
[SourceDate "2015.07.17"]
[SourceVersion "1"]
[SourceVersionDate "2015.07.17"]
[SourceQuality "1"]

1. e4 e5 2. Nf3 Nc6 3. Bc4 Nf6 4. d3 Bc5 5. c3 d6 6. 0-0 0-0 7. Bb3 h6 8. Nbd2 a5 9. h3 Re8 10. Ba4 Bd7 11. a3 Ne7 12. Bc2 Ng6 13. Re1 Ba7 14. Nf1 d5 15. Ng3 Bc6 16. b4 axb4 17. cxb4 Qc8 18. Bb2 d4 19. a4 Bd7 20. Bb3 c5 21. bxc5 Bxc5 22. Bc1 b6 23. Bd2 Be6 24. Qb1 Bxb3 25. Qxb3 Qe6 26. Qb1 Ra6 27. Rc1 Rea8 28. Rc4 Ne7 29. Qd1 Nd7 30. Qc2 Nc6 31. Nf5 Na5 32. Bxa5 Rxa5 33. Nd2 Qe8 34. Nb3 R5a7 35. Nxc5 Nxc5 36. f4 Rxa4 37. Rcxa4 Rxa4 38. Rxa4 Qxa4 39. Qxa4 Nxa4 40. fxe5 Nc5 41. Nxd4 Nxd3 42. e6 fxe6 43. Nxe6 Nc5 44. Nc7 Nxe4 45. Nd5 b5 46. Kf1 Nf6 47. Nc7 b4 48. Ke2 Ne4 49. Kd3 b3 50. Nb5 Nc5+ 51. Kc4 b2 52. Nc3 Ne6 53. Kb3 Nf4 54. g3 Nxh3 55. Kxb2 Kf7 56. Kc2 Kf6 57. Kd3 Ke5 58. Ke2 1/2-1/2

[Event "CP-2014-P-00050"]
[Site "LSS email"]
[Date "2014.09.30"]
[Round "?"]
[White "Wilk, Zbigniew"]
[Black "Bester, Kazimierz"]
[Result "1-0"]
[WhiteElo "2097"]
[BlackElo "665"]
[PlyCount "71"]
[EventDate "2014.10.01"]
[EventType "tourn (corr)"]
[EventRounds "6"]
[EventCountry "GER"]
[SourceTitle "Corr 2015"]
[Source "ChessBase"]
[SourceDate "2015.07.17"]
[SourceVersion "1"]
[SourceVersionDate "2015.07.17"]
[SourceQuality "1"]

1. e4 d5 2. exd5 Qxd5 3. Nc3 Qa5 4. d4 Nf6 5. Nf3 Nc6 6. Bd2 Bg4 7. Nb5 Qb6 8. c4 Bxf3 9. Qxf3 Nxd4 10. Nxd4 Qxd4 11. Qxb7 Rd8 12. Be3 Qe5 13. Rd1 Rxd1+ 14. Kxd1 e6 15. Kc2 Qe4+ 16. Qxe4 Nxe4 17. Bxa7 Bd6 18. f3 Nc5 19. a3 0-0 20. b4 Nd7 21. Bf2 Rc8 22. c5 Be7 23. a4 c6 24. Ba6 Ra8 25. Bb7 Rxa4 26. Kb3 Ra7 27. Bxc6 Ne5 28. Bb5 Rb7 29. Be2 Nc6 30. b5 Na7 31. b6 Nc6 32. Bb5 Ne5 33. f4 Ng4 34. c6 Rb8 35. c7 Rc8 36. b7 1-0

[Event "CP-2014-P-00050"]
[Site "LSS email"]
[Date "2014.09.30"]
[Round "?"]
[White "Wilk, Zbigniew"]
[Black "Filippkina, Anna"]
[Result "1-0"]
[WhiteElo "2097"]
[BlackElo "833"]
[PlyCount "31"]
[EventDate "2014.10.01"]
[EventType "tourn (corr)"]
[EventRounds "6"]
[EventCountry "GER"]
[SourceTitle "Corr 2015"]
[Source "ChessBase"]
[SourceDate "2015.07.17"]
[SourceVersion "1"]
[SourceVersionDate "2015.07.17"]
[SourceQuality "1"]

1. e4 e5 2. Nf3 Nc6 3. Bc4 Be7 4. d4 d6 5. dxe5 dxe5 6. Qxd8+ Bxd8 7. Nc3 Bg4 8. Be3 Bxf3 9. gxf3 Nge7 10. Rg1 0-0 11. 0-0-0 Na5 12. Be2 b6 13. Ba6 Rb8 14. Rd7 Nac6 15. a3 f5 16. Bh6 1-0

[Event "SA-2013-0-00365"]
[Site "LSS email"]
[Date "2013.09.01"]
[Round "?"]
[White "Khanas, Valeriy"]
[Black "Wilk, Zbigniew"]
[Result "1-0"]
[WhiteElo "2228"]
[BlackElo "1998"]
[PlyCount "79"]
[EventDate "2013.08.18"]
[EventType "tourn (corr)"]
[EventRounds "6"]
[EventCountry "GER"]
[SourceTitle "Corr 2022"]
[Source "ChessBase"]
[SourceDate "2021.10.24"]
[SourceVersion "1"]
[SourceVersionDate "2021.10.24"]
[SourceQuality "1"]

1. e4 e5 2. Nf3 Nc6 3. Bb5 a6 4. Ba4 Nf6 5. 0-0 Be7 6. Bxc6 dxc6 7. Re1 Qd6 8. d3 0-0 9. Nbd2 Be6 10. b3 Nd7 11. Bb2 f6 12. d4 exd4 13. Nxd4 Ne5 14. Qe2 Rad8 15. Rad1 Bg4 16. f3 Bc8 17. f4 Bg4 18. N2f3 Qc5 19. Kh1 Ng6 20. f5 Nf4 21. Qf2 Bh5 22. Bc1 Bxf3 23. gxf3 Nh3 24. Qe3 Qb6 25. c3 Ng5 26. h4 c5 27. Ne2 Rxd1 28. Rxd1 Nf7 29. Nf4 Rd8 30. Rg1 Kh8 31. Qe2 Rg8 32. Qg2 Ne5 33. h5 Bf8 34. Ng6+ Nxg6 35. hxg6 h6 36. Rd1 Qc6 37. Bf4 Qe8 38. Qd2 c4 39. Kg2 c6 40. Rh1 1-0

[Event "SA-2013-0-00365"]
[Site "LSS email"]
[Date "2013.09.01"]
[Round "?"]
[White "Kudr, Roman"]
[Black "Wilk, Zbigniew"]
[Result "1/2-1/2"]
[WhiteElo "2205"]
[BlackElo "1998"]
[PlyCount "43"]
[EventDate "2013.08.18"]
[EventType "tourn (corr)"]
[EventRounds "6"]
[EventCountry "GER"]
[SourceTitle "Corr 2022"]
[Source "ChessBase"]
[SourceDate "2021.10.24"]
[SourceVersion "1"]
[SourceVersionDate "2021.10.24"]
[SourceQuality "1"]

1. e4 e5 2. Nf3 Nc6 3. d4 exd4 4. Nxd4 Nf6 5. Nxc6 bxc6 6. e5 Qe7 7. Qe2 Nd5 8. c4 Ba6 9. b3 g6 10. f4 d6 11. Qf2 Nf6 12. Be2 dxe5 13. 0-0 Ne4 14. Qe1 Qc5+ 15. Kh1 Qd4 16. Bf3 Qxa1 17. Qxe4 Bb7 18. Qc2 Bc5 19. Bb2 Qxa2 20. Nc3 Qa5 21. Ra1 Qb6 22. Na4 1/2-1/2

[Event "SA-2013-0-00365"]
[Site "LSS email"]
[Date "2013.09.01"]
[Round "?"]
[White "Wilk, Zbigniew"]
[Black "Hatsek, Werner"]
[Result "1/2-1/2"]
[WhiteElo "1998"]
[BlackElo "2092"]
[PlyCount "51"]
[EventDate "2013.08.18"]
[EventType "tourn (corr)"]
[EventRounds "6"]
[EventCountry "GER"]
[SourceTitle "Corr 2022"]
[Source "ChessBase"]
[SourceDate "2021.10.24"]
[SourceVersion "1"]
[SourceVersionDate "2021.10.24"]
[SourceQuality "1"]

1. e4 c5 2. Nf3 d6 3. d4 cxd4 4. Nxd4 Nf6 5. Nc3 Nc6 6. Bc4 e5 7. Nf5 Bxf5 8. exf5 Nd4 9. 0-0 Be7 10. Be3 Nxf5 11. Bb5+ Kf8 12. Qf3 g6 13. Rad1 Qc8 14. h3 h5 15. Bg5 Kg7 16. Rfe1 Rd8 17. Bd3 Nh7 18. Bd2 Nd4 19. Qg3 h4 20. Qh2 Nf6 21. f4 Nh5 22. Be3 Nf5 23. Bxf5 Qxf5 24. Nd5 Rd7 25. c4 Bd8 26. fxe5 1/2-1/2

[Event "RA-2012-0-00226"]
[Site "LSS email"]
[Date "2012.07.20"]
[Round "?"]
[White "Sherwood, Russell"]
[Black "Wilk, Zbigniew"]
[Result "1/2-1/2"]
[WhiteElo "2110"]
[BlackElo "2133"]
[PlyCount "34"]
[EventDate "2012.07.03"]
[EventType "tourn (corr)"]
[EventRounds "6"]
[EventCountry "GER"]
[SourceTitle "Corr 2015"]
[Source "ChessBase"]
[SourceDate "2015.07.17"]
[SourceVersion "1"]
[SourceVersionDate "2015.07.17"]
[SourceQuality "1"]

1. e4 e5 2. Nf3 Nc6 3. Bb5 Nf6 4. 0-0 Nxe4 5. d4 Be7 6. Qe2 Nd6 7. Bxc6 bxc6 8. dxe5 Nb7 9. Nc3 0-0 10. Re1 Nc5 11. Be3 Ne6 12. Nd4 Rb8 13. b3 Bb4 14. Nxe6 fxe6 15. Qd2 a5 16. a3 Be7 17. Ne4 Rb5 1/2-1/2

[Event "SA-2012-0-00277"]
[Site "LSS email"]
[Date "2012.07.09"]
[Round "?"]
[White "Wilk, Zbigniew"]
[Black "Walczak, Tomasz"]
[Result "1/2-1/2"]
[WhiteElo "2133"]
[BlackElo "2119"]
[PlyCount "143"]
[EventDate "2012.06.25"]
[EventType "tourn (corr)"]
[EventRounds "6"]
[EventCountry "GER"]
[SourceTitle "Telechess CBM 153"]
[Source "ChessBase"]
[SourceDate "2013.03.14"]
[SourceVersion "1"]
[SourceVersionDate "2013.03.14"]
[SourceQuality "1"]

1. Nf3 Nf6 2. d4 g6 3. c4 Bg7 4. Nc3 d5 5. e3 c6 6. Bd3 0-0 7. 0-0 Bg4 8. h3 Bxf3 9. Qxf3 e6 10. b3 Re8 11. Bb2 Nbd7 12. Rfd1 a6 13. Rac1 Bf8 14. Rc2 Bb4 15. a3 Bd6 16. Qe2 Rc8 17. c5 Bf8 18. f4 Be7 19. b4 Nh5 20. g4 Ng7 21. Qf3 Ra8 22. e4 dxe4 23. Nxe4 Nf6 24. Nxf6+ Bxf6 25. Bc4 h6 26. a4 Qe7 27. Kg2 Rec8 28. Rcd2 Rd8 29. Bb3 Rd7 30. Ba2 Qd8 31. Bc4 Be7 32. Bc3 Qc8 33. Qe3 Bh4 34. Qd3 Qc7 35. Qf3 Kh7 36. Re2 Bf6 37. Bb2 Kg8 38. b5 axb5 39. axb5 Ra5 40. bxc6 bxc6 41. Bc3 Ra4 42. Bb3 Ra3 43. Bb2 Ra7 44. Bc2 Rd8 45. Be4 Ra6 46. Qe3 h5 47. Red2 Ra2 48. Qf2 Kf8 49. Qf3 Rb8 50. Ba3 Rxd2+ 51. Rxd2 Ra8 52. Bb2 Ra2 53. Rc2 Qb8 54. Bc3 Ra3 55. Qe3 Qa8 56. Rb2 Bd8 57. Bf3 Bc7 58. Qc1 Qa4 59. Be2 Qa8 60. Bf3 f5 61. g5 h4 62. Qe1 Qa4 63. Bb4 Rd3 64. Qe2 Qa1 65. Qxd3 Qxb2+ 66. Qd2 Qb3 67. Bc3 Kf7 68. Bd1 Qb8 69. d5 exd5 70. Qd4 Ne8 71. Qh8 Qb1 72. Bf6 1/2-1/2

[Event "OP-2012-0-02140"]
[Site "LSS email"]
[Date "2012.04.08"]
[Round "?"]
[White "Ederer, Karel"]
[Black "Wilk, Zbigniew"]
[Result "1/2-1/2"]
[WhiteElo "2110"]
[BlackElo "2133"]
[PlyCount "38"]
[EventDate "2012.04.03"]
[EventType "tourn (corr)"]
[EventRounds "4"]
[EventCountry "GER"]
[SourceTitle "Telechess CBM 153"]
[Source "ChessBase"]
[SourceDate "2013.03.14"]
[SourceVersion "1"]
[SourceVersionDate "2013.03.14"]
[SourceQuality "1"]

1. d4 Nf6 2. c4 e6 3. Nc3 Bb4 4. Qc2 0-0 5. a3 Bxc3+ 6. Qxc3 b6 7. Nf3 Bb7 8. e3 a5 9. b3 d6 10. Be2 Nbd7 11. 0-0 Ne4 12. Qc2 f5 13. Bb2 Qe7 14. Rad1 Ndf6 15. Ne1 Ng4 16. d5 Nexf2 17. Rxf2 Nxe3 18. Qd2 Nxd1 19. Bxd1 e5 1/2-1/2

[Event "OP-2012-0-02140"]
[Site "LSS email"]
[Date "2012.04.08"]
[Round "?"]
[White "Wilk, Zbigniew"]
[Black "Belter, Edmund"]
[Result "1-0"]
[WhiteElo "2133"]
[BlackElo "1105"]
[PlyCount "41"]
[EventDate "2012.04.03"]
[EventType "tourn (corr)"]
[EventRounds "4"]
[EventCountry "GER"]
[SourceTitle "Telechess CBM 153"]
[Source "ChessBase"]
[SourceDate "2013.03.14"]
[SourceVersion "1"]
[SourceVersionDate "2013.03.14"]
[SourceQuality "1"]

1. e4 c5 2. Nf3 e6 3. d4 cxd4 4. Nxd4 d6 5. Nc3 a6 6. Be2 b5 7. 0-0 Bb7 8. b4 d5 9. exd5 Bxb4 10. Qd3 Nf6 11. dxe6 fxe6 12. Rb1 Bxc3 13. Qxc3 Bd5 14. Ba3 Nbd7 15. Rfe1 Kf7 16. Bf3 Rc8 17. Qd3 Bxa2 18. Rbd1 Qb6 19. Nf5 exf5 20. Re7+ Kg6 21. h4 1-0